Nazwy państw europejskich w ich ojczystym języku - Statystyki

Ogólne statystyki
  • Ten quiz został rozwiązany 65 razy
    59 od ostatniego zresetowania
  • Średni wynik to 16 z 45
Odpowiedzi na mapie
Odpowiedzi zakodowano w zielono-czerwonej skali na mapie do tego quizu, zgodnie z poniższymi procentami.
 
Statystyki odpowiedzi
Państo % Poprawnych
Polska
96%
España
80%
Deutschland
76%
United Kingdom
76%
Italia
72%
France
68%
Portugal
58%
Suomi
54%
Andorra
50%
Norge/Noreg
50%
Ísland
48%
Österreich
48%
Sverige
48%
Liechtenstein
46%
Monaco
42%
România
42%
Česká republika
40%
Hrvatska
38%
Rossija
38%
Schweiz
38%
Danmark
36%
Moldova
36%
Éire
34%
Nederland
34%
Eesti
30%
Latvija
30%
Lietuva
30%
Slovensko
30%
Slovenija
26%
Belgique
22%
Magyarország
22%
Ukrajina
22%
Bielaruś
20%
Crna Gora
18%
Elláda
18%
Srbija
16%
Shqipëria
14%
Bosna i Hercegovina
12%
Kosovë
10%
Severna Makedonija
8%
Lëtzebuerg
6%
Bŭlgariya
4%
Repubblika ta’ Malta
4%
Repubblica di San Marino
2%
Stato della Città del Vaticano
2%
Nie znaleziono quizów pasujących do podanych kryteriów
Rozkład punktacji
Procent ludzi z każdym wynikiem
Percentyl według liczby udzielonych odpowiedzi
Twoja historia wyników
Nie rozwiązałeś tego quizu od ostatniego zresetowania